000 00510nam a22001697a 4500
003 MACL
005 20151208155051.0
008 151208b xxu||||| |||| 00| 0 eng d
040 _cMACL
041 _aHindi
082 _a741.642
100 _aकृष्‍णलाल हंस
_919793
245 _aनिमाडी की लोक कथाएं
260 _bबुक टी पब्लिशिंग हाउस
_c2012
650 _aचिल्‍डन बुक
_9314
942 _2ddc
_cHIN
999 _c51461
_d51461